Представление документа в формате RUSMARC

ПолеНазваниеЗначение
  Тип записи a
  Библиографический уровень m
001 Контрольный номер SKBR/946576aa-cc04-456b-bebe-be0038ef4f60
005 Дата корректировки 20260626164258.8
010 Индекс ISBN __
a ISBN 978-5-86402-243-6
9 Тираж 2000 экз.
b Уточнения в пер.
035 Другие системные номера __
a Идентификатор записи z3950://127.0.0.1/Books/529764
100 Данные общей обработки __
a Данные общей обработки 20090313d2008 me y0rusy028902 ca
101 Язык документа 0_
a Язык текста rus
102 Страна публикации __
a Страна публикации RU
105 Кодированные данные (монография) __
a Кодированные данные (монография) a z 000zb
181 Поле кодированных данных: вид содержания _0
a Код вида содержания (ISBD) i
182 Поле кодированных данных: тип средства _0
a Код типа средства (ISBD) n
200 Заглавие и сведения об ответственности 1_
a Заглавие Владислав Сергеев
f Первые сведения об ответственности Нелли Нащекина
g Последующие сведения об ответственности автор идеи, руководитель проекта Е. М. Лунин
e Сведения, относящиеся к заглавию графика, живопись
g Последующие сведения об ответственности Департамент культуры Вологодской области [и др.]
203 Вид содержания и тип средства __
a Вид содержания Текст
c Тип средства непосредственный
210 Выходные данные 1_
a Место издания Вологда
c Издательство Полиграф-Периодика
d Дата издания 2008
215 Физическое описание __
a Объем 67, [1] с., [28] л. ил.
d Формат 22 см
c Иллюстрации/тип воспроизводства цв. ил.
225 Серия 1_
a Серия Художники земли Вологодской
v Обозначение тома кн. 3
300 Общие примечания __
a Общие примечания Книга с экслибрисом С. А. Лагерева из личной библиотеки
320 Библиография __
a Библиография Библиография: с. 67 и в подстрочных примечаниях
330 Аннотация __
a Аннотация Издание посвящено творчеству Владислава Сергеева, известного вологодского мастера графики и живописи. Автор книги, Нелли Нащекина, подробно исследует художественный путь Сергеева, анализируя его вклад в развитие современного искусства. В книге представлены работы, выполненные в различных техниках графики и живописи, что позволяет читателю глубже понять многообразие и уникальность стиля художника. Издание включает в себя как ранние, так и поздние произведения Сергеева, демонстрируя эволюцию его художественного языка и творческих поисков. Особое внимание уделено анализу ключевых произведений, которые стали знаковыми в карьере Владислава Сергеева. Нелли Нащекина, обладая глубокими знаниями в области искусства, предлагает читателю профессиональный взгляд на творчество художника, раскрывая его философию и подход к созданию произведений.
600 Персоналии _1
a Персоналии (Фамилия) Сергеев
b Персоналии (Имя) В. А.
g Полное имя Владислав Александрович
f Даты 1938-2026
606 Тематические рубрики __
2 Код системы nlr_sh
a Основная рубрика Изобразительное искусство и архитектура
606 Тематические рубрики __
2 Код системы nlr_sh
a Основная рубрика История живописи
606 Тематические рубрики __
2 Код системы nlr_sh
a Основная рубрика История графики
y Географическая подрубрика Россия
y Географическая подрубрика Вологда
610 Ключевые слова 0_
a Ключевые слова графика
610 Ключевые слова 0_
a Ключевые слова графическое искусство
610 Ключевые слова 0_
a Ключевые слова художники
610 Ключевые слова 0_
a Ключевые слова персоналии
610 Ключевые слова 0_
a Ключевые слова биографии
610 Ключевые слова 0_
a Ключевые слова книжные иллюстрации
610 Ключевые слова 0_
a Ключевые слова книжная графика
610 Ключевые слова 0_
a Ключевые слова книжные знаки
610 Ключевые слова 0_
a Ключевые слова живопись
610 Ключевые слова 0_
a Ключевые слова вологодская графика
610 Ключевые слова 0_
a Ключевые слова экслибрисы
610 Ключевые слова 0_
a Ключевые слова гравюры
610 Ключевые слова 0_
a Ключевые слова станковая гравюра
610 Ключевые слова 0_
a Ключевые слова станковая графика
610 Ключевые слова 0_
a Ключевые слова вологодские художники
686 Индексы других классификаций __
a Классификационный индекс 85.153(2=411.2)6-8
2 Код системы rubbks
686 Индексы других классификаций __
a Классификационный индекс 85.143(2=411.2)6-8
2 Код системы rubbk
700 Автор _1
a Фамилия Нащекина
b Имя Н. И.
g Полное личное имя Нелли Ивановна
4 Код отношения 070
702 Вторичная интеллектуальная ответственность _1
a Фамилия Лунин
b Имя Е. М.
g Полное личное имя Евгений Михайлович
4 Код отношения 280
712 Наименование организации (Вторичная ответственность) 01
a Организация/ юрисдикция Вологодская область
b Другие уровни Департамент культуры
712 Наименование организации (Вторичная ответственность) 02
a Организация/ юрисдикция Картинная галерея Е. М. Лунина
c Место постоянной организации Череповец
712 Наименование организации (Вторичная ответственность) 02
a Организация/ юрисдикция Череповец
b Другие уровни Администрация
712 Наименование организации (Вторичная ответственность) 02
a Организация/ юрисдикция Союз художников России
b Другие уровни Вологодское региональное отделение
801 Источник записи _0
a Страна RU
b Организация Вологодская ОУНБ
c Дата составления 20090313
g Правила каталогизации PSBO
801 Источник записи _1
a Страна RU
b Организация Вологодская ОУНБ
c Дата составления 20090313
g Правила каталогизации PSBO
801 Источник записи _2
a Страна RU
b Организация Вологодская ОУНБ
c Дата составления 20100920
g Правила каталогизации PSBO
852 Данные о местонахождении __
i Авторский знак Н 37
j Шифр хранения 85.153(2=411.2)6-8
901 Тип документа __
a Ответственный КиК/Котельникова
t Тип документа m
901 Тип документа __
a Ответственный без партии
903 Характеристики (МАРС) __
a Дата передачи 20260626
c Наименование библиотеки (МАРС) Муниципальное бюджетное учреждение культуры "Централизованная библиотечная система" г. Сургут (Центральная городская библиотека им. А. С. Пушкина)